[Event "Chesterfield SPICE Cup op"]
[Site "Chesterfield"]
[Date "2020.10.21"]
[Round "3"]
[White "Antova, Gabriela"]
[Black "Shepherd, Duncan"]
[Result "1/2-1/2"]
[WhiteElo "2238"]
[BlackElo "2033"]
[PlyCount "68"]
[EventDate "2020.10.20"]
[EventType "swiss"]
[EventRounds "9"]
[EventCountry "USA"]
[SourceTitle "EXT 2022"]
[Source "ChessBase"]
[SourceDate "2021.10.06"]
[SourceVersion "1"]
[SourceVersionDate "2021.10.06"]
[SourceQuality "1"]

1. d4 d5 2. c4 c6 3. Nf3 Nf6 4. Nc3 e6 5. e3 Nbd7 6. Qc2 Bd6 7. g4 h6 8. h3 a6 9. c5 Bc7 10. Rg1 e5 11. g5 hxg5 12. Nxg5 Qe7 13. Be2 g6 14. Bd2 Nf8 15. Qb3 N6h7 16. h4 Nxg5 17. hxg5 Ne6 18. Qa4 Rh4 19. Nxd5 Nxc5 20. Nxe7 Nxa4 21. Nxc8 Rxc8 22. b3 Nb6 23. dxe5 Bxe5 24. Rc1 Bd6 25. Bd3 Nd5 26. Ke2 Ke7 27. Rh1 Rch8 28. Be4 Ba3 29. Rcd1 Rxh1 30. Bxh1 Rd8 31. Be4 Bb2 32. Rh1 Nc3+ 33. Bxc3 Bxc3 34. Bd3 Bh8 1/2-1/2

[Event "Chesterfield SPICE Cup op"]
[Site "Chesterfield"]
[Date "2020.10.20"]
[Round "1"]
[White "Liang, Jason"]
[Black "Shepherd, Duncan"]
[Result "1/2-1/2"]
[WhiteElo "2367"]
[BlackElo "2033"]
[PlyCount "95"]
[EventDate "2020.10.20"]
[EventType "swiss"]
[EventRounds "9"]
[EventCountry "USA"]
[SourceTitle "EXT 2022"]
[Source "ChessBase"]
[SourceDate "2021.10.06"]
[SourceVersion "1"]
[SourceVersionDate "2021.10.06"]
[SourceQuality "1"]

1. e4 c5 2. Nf3 d6 3. d4 cxd4 4. Nxd4 Nf6 5. Nc3 a6 6. h3 e5 7. Nde2 h5 8. g3 Be7 9. Bg2 Nbd7 10. 0-0 b5 11. Be3 Bb7 12. a4 b4 13. Nd5 Bxd5 14. exd5 Qc7 15. c3 bxc3 16. Nxc3 0-0 17. Qe2 Rfc8 18. Rab1 Qc4 19. Qxc4 Rxc4 20. Rfc1 Rb4 21. b3 Rab8 22. Bf1 Rxb3 23. Rxb3 Rxb3 24. Bxa6 Bd8 25. Nb5 Bb6 26. Bxb6 Nxb6 27. a5 Nbxd5 28. Nxd6 h4 29. gxh4 Ra3 30. Rc8+ Kh7 31. Nxf7 Rxa5 32. Bd3+ g6 33. Nxe5 Nf4 34. Rc7+ Kh6 35. Nf7+ Kh5 36. Bf1 Ra1 37. Rc4 N6d5 38. Rc8 Kxh4 39. Rh8+ Nh5 40. Ne5 Kg5 41. Nf3+ Kf6 42. Re8 Nhf4 43. Re1 Ra3 44. Bg2 Nxh3+ 45. Bxh3 Rxf3 46. Bg2 Rf5 47. Bxd5 Rxd5 48. Re3 1/2-1/2

[Event "US Open-120"]
[Site "Orlando"]
[Date "2019.08.06"]
[Round "4"]
[White "Weisz, Bryan"]
[Black "Shepherd, Duncan"]
[Result "1/2-1/2"]
[WhiteElo "1879"]
[BlackElo "2033"]
[PlyCount "79"]
[EventDate "2019.08.03"]
[EventType "swiss"]
[EventRounds "9"]
[EventCountry "USA"]
[SourceTitle "CBM 191 Extra"]
[Source "ChessBase"]
[SourceDate "2019.09.30"]
[SourceVersion "1"]
[SourceVersionDate "2019.09.30"]
[SourceQuality "1"]

1. d4 d5 2. Bf4 Nf6 3. e3 c5 4. c3 Nc6 5. Nd2 Bf5 6. Ngf3 e6 7. Qa4 Nd7 8. Ne5 Ndxe5 9. Bxe5 a6 10. dxc5 f6 11. Bg3 Bxc5 12. e4 Bg6 13. exd5 exd5 14. Be2 Qe7 15. 0-0 0-0 16. Rfe1 Rfe8 17. Qd1 Qd7 18. Nb3 Ba7 19. Qd2 d4 20. cxd4 Nxd4 21. Nxd4 Qxd4 22. Rad1 Qxd2 23. Rxd2 Bf7 24. b3 Bc5 25. Rc1 Bb4 26. Rdc2 Bg6 27. Bc4+ Kh8 28. Re2 b5 29. Rxe8+ Rxe8 30. Bd5 Bd2 31. Ra1 Bc3 32. Rc1 Bb2 33. Rd1 Bc2 34. Bc6 Bg6 35. Ra1 Bc3 36. Rd1 Bd2 37. Ra1 Bc3 38. Rd1 Bd2 39. Ra1 Bc3 40. Rd1 1/2-1/2

[Event "Titled Tuesday intern op 7th Aug"]
[Site "Chess.com INT"]
[Date "2018.08.07"]
[Round "1"]
[White "Shepherd, Duncan"]
[Black "Eden, James"]
[Result "0-1"]
[WhiteElo "2033"]
[BlackElo "2272"]
[PlyCount "83"]
[EventDate "2018.08.07"]
[EventType "swiss (blitz)"]
[EventRounds "10"]
[EventCountry "USA"]
[SourceTitle "EXT 2021"]
[Source "ChessBase"]
[SourceDate "2020.10.23"]
[SourceVersion "1"]
[SourceVersionDate "2020.10.23"]
[SourceQuality "1"]

1. d4 Nf6 2. c4 g6 3. Nc3 Bg7 4. e4 d6 5. Nf3 0-0 6. Be2 e5 7. 0-0 Nc6 8. d5 Ne7 9. Ne1 Nd7 10. f3 f5 11. g4 a5 12. Be3 Nc5 13. Nd3 b6 14. Rb1 Ba6 15. b3 f4 16. Bf2 h5 17. h3 hxg4 18. hxg4 Kf7 19. Kg2 Rh8 20. Qd2 g5 21. Rh1 Qd7 22. Rxh8 Rxh8 23. Rh1 Qe8 24. Qd1 Ng6 25. Rxh8 Qxh8 26. Qh1 Nh4+ 27. Bxh4 gxh4 28. Qh3 Qh6 29. Kf2 Nd7 30. Ne1 Nf8 31. Ng2 Bf6 32. Nd1 Nh7 33. Ke1 Ng5 34. Qh1 h3 35. Kf2 Kg6 36. Ne1 Qh4+ 37. Kf1 Qg3 38. Qg1 h2 39. Qxg3 fxg3 40. Kg2 Nh3 41. Nc2 Nf4+ 42. Kxg3 0-1

[Event "Titled Tuesday intern op 3rd Oct"]
[Site "Chess.com INT"]
[Date "2017.10.03"]
[Round "1"]
[White "Nasuta, Grzegorz"]
[Black "Shepherd, Duncan"]
[Result "1-0"]
[WhiteElo "2450"]
[BlackElo "1986"]
[PlyCount "31"]
[EventDate "2017.10.03"]
[EventType "swiss (blitz)"]
[EventRounds "10"]
[EventCountry "USA"]
[SourceTitle "EXT 2021"]
[Source "ChessBase"]
[SourceDate "2020.10.23"]
[SourceVersion "1"]
[SourceVersionDate "2020.10.23"]
[SourceQuality "1"]

1. e4 c5 2. Nf3 d6 3. d4 cxd4 4. Nxd4 Nf6 5. Nc3 a6 6. Be3 Ng4 7. Bc1 Nf6 8. f3 e6 9. Be3 b5 10. Qd2 b4 11. Na4 Nbd7 12. 0-0-0 Qa5 13. b3 d5 14. e5 Nxe5 15. Bf4 Ned7 16. Nc6 1-0

[Event "Philadelphia int op 11th"]
[Site "Philadelphia"]
[Date "2017.06.29"]
[Round "9"]
[White "Grabinsky, Aaron"]
[Black "Shepherd, Duncan"]
[Result "1-0"]
[WhiteElo "2338"]
[BlackElo "1785"]
[PlyCount "67"]
[EventDate "2017.06.24"]
[EventType "swiss"]
[EventRounds "9"]
[EventCountry "USA"]
[SourceTitle "CBM 179 Extra"]
[Source "ChessBase"]
[SourceDate "2017.08.23"]
[SourceVersion "1"]
[SourceVersionDate "2017.08.23"]
[SourceQuality "1"]

1. e4 c6 2. Nc3 d5 3. Nf3 Nf6 4. e5 Ne4 5. Ne2 Bg4 6. d4 e6 7. Nfg1 Bxe2 8. Nxe2 f6 9. Nf4 Qe7 10. Bd3 fxe5 11. Qh5+ Qf7 12. Qxe5 Bd6 13. Qxe6+ Qxe6 14. Nxe6 Kf7 15. Bxe4 Kxe6 16. Bd3 Nd7 17. 0-0 Nf6 18. Bd2 Rae8 19. Rae1+ Kf7 20. h3 Nh5 21. g3 Nf6 22. Kg2 Ne4 23. Bxe4 Rxe4 24. Rxe4 dxe4 25. Re1 Re8 26. g4 Bc7 27. c4 Bb6 28. Bc3 a6 29. Kf1 Bd8 30. f3 exf3 31. Rxe8 Kxe8 32. Kf2 Bf6 33. Kxf3 c5 34. Ke4 1-0

[Event "Philadelphia int op 11th"]
[Site "Philadelphia"]
[Date "2017.06.28"]
[Round "7"]
[White "Macaspac, Arthur"]
[Black "Shepherd, Duncan"]
[Result "1-0"]
[WhiteElo "2059"]
[BlackElo "1785"]
[PlyCount "57"]
[EventDate "2017.06.24"]
[EventType "swiss"]
[EventRounds "9"]
[EventCountry "USA"]
[SourceTitle "CBM 179 Extra"]
[Source "ChessBase"]
[SourceDate "2017.08.23"]
[SourceVersion "1"]
[SourceVersionDate "2017.08.23"]
[SourceQuality "1"]

1. e4 c6 2. c4 d5 3. cxd5 cxd5 4. exd5 Nf6 5. Qa4+ Nbd7 6. Nc3 g6 7. g4 h6 8. Bg2 Bg7 9. h3 0-0 10. d4 Nb6 11. Qb3 e6 12. dxe6 Bxe6 13. Qd1 Nfd5 14. Nge2 Qh4 15. 0-0 h5 16. f3 Nxc3 17. bxc3 Bc4 18. Rf2 Nd5 19. Bd2 Rfe8 20. Nf4 Ne3 21. Qc1 Nxg2 22. Kxg2 Bh6 23. Nd3 Bxd3 24. Bxh6 hxg4 25. hxg4 Re6 26. Bg5 Qh7 27. Qd2 Bc4 28. d5 Re5 29. Qf4 1-0

[Event "Philadelphia int op 11th"]
[Site "Philadelphia"]
[Date "2017.06.24"]
[Round "1"]
[White "Shepherd, Duncan"]
[Black "Wang, Kevin A"]
[Result "0-1"]
[WhiteElo "1785"]
[BlackElo "2367"]
[PlyCount "54"]
[EventDate "2017.06.24"]
[EventType "swiss"]
[EventRounds "9"]
[EventCountry "USA"]
[SourceTitle "CBM 179 Extra"]
[Source "ChessBase"]
[SourceDate "2017.08.23"]
[SourceVersion "1"]
[SourceVersionDate "2017.08.23"]
[SourceQuality "1"]

1. d4 d5 2. c4 e6 3. Nc3 c6 4. e4 Bb4 5. e5 c5 6. a3 Bxc3+ 7. bxc3 Ne7 8. Nf3 Nbc6 9. Be3 cxd4 10. cxd4 b6 11. Rc1 Ba6 12. Nd2 dxc4 13. Qa4 Bb7 14. Nxc4 0-0 15. Nd6 Na5 16. Nxb7 Nxb7 17. Bg5 h6 18. Bh4 g5 19. Bg3 Nf5 20. Ba6 Na5 21. Rd1 Qd5 22. 0-0 h5 23. h3 Rad8 24. Rd2 Qb3 25. Bb5 Qxa4 26. Bxa4 Nc4 27. Rd3 Nb2 0-1

[Event "Philadelphia int op 10th"]
[Site "Philadelphia"]
[Date "2016.07.09"]
[Round "8"]
[White "Shepherd, Duncan"]
[Black "Nieto, Guillermo Luigui"]
[Result "1/2-1/2"]
[WhiteElo "1687"]
[BlackElo "1894"]
[PlyCount "96"]
[EventDate "2016.07.05"]
[EventType "swiss"]
[EventRounds "9"]
[EventCountry "USA"]
[SourceTitle "CBM 173 Extra"]
[Source "ChessBase"]
[SourceDate "2016.08.29"]
[SourceVersion "1"]
[SourceVersionDate "2016.08.29"]
[SourceQuality "1"]

1. d4 Nf6 2. c4 e6 3. Nf3 Bb4+ 4. Nbd2 b6 5. a3 Bxd2+ 6. Qxd2 Bb7 7. e3 0-0 8. Be2 Ne4 9. Qc2 f5 10. 0-0 d6 11. b4 Nd7 12. Bb2 Qe7 13. Rad1 a5 14. d5 e5 15. Bd3 Ng5 16. Bxf5 Nxf3+ 17. gxf3 Qg5+ 18. Bg4 Rxf3 19. Qe4 Rf7 20. Qg2 Nf8 21. Be2 Qxg2+ 22. Kxg2 Bc8 23. Bd3 Bf5 24. Bxf5 Rxf5 25. Rc1 Nd7 26. Rc2 g5 27. Bc3 a4 28. Bd2 h6 29. f3 Raf8 30. Rcc1 Kg7 31. h3 Kg6 32. e4 R5f7 33. Be3 h5 34. c5 bxc5 35. bxc5 Nxc5 36. Bxc5 dxc5 37. Rxc5 g4 38. hxg4 hxg4 39. Rc4 Rxf3 40. Rd1 Rxa3 41. Rxc7 Rff3 42. Re7 Rg3+ 43. Kh2 Rh3+ 44. Kg1 Ra2 45. Rxe5 Rg3+ 46. Kh1 Rh3+ 47. Kg1 Rg3+ 48. Kh1 Rh3+ 1/2-1/2

[Event "Philadelphia int op 10th"]
[Site "Philadelphia"]
[Date "2016.07.07"]
[Round "4"]
[White "Shepherd, Duncan"]
[Black "Norovsambuu, Badamkhand"]
[Result "1-0"]
[WhiteElo "1687"]
[BlackElo "2024"]
[PlyCount "113"]
[EventDate "2016.07.05"]
[EventType "swiss"]
[EventRounds "9"]
[EventCountry "USA"]
[SourceTitle "CBM 173 Extra"]
[Source "ChessBase"]
[SourceDate "2016.08.29"]
[SourceVersion "1"]
[SourceVersionDate "2016.08.29"]
[SourceQuality "1"]

1. d4 d5 2. c4 c6 3. Nf3 Nf6 4. Nc3 dxc4 5. a4 Bf5 6. Ne5 e6 7. f3 Nbd7 8. e4 Bg6 9. Nxc4 Bb4 10. Qb3 a5 11. Be3 0-0 12. Rd1 Qc7 13. Kf2 Rad8 14. g3 Nh5 15. e5 f5 16. Bg5 Rde8 17. Ne2 b5 18. axb5 cxb5 19. Na3 Qb6 20. Kg2 Rc8 21. h3 Bxa3 22. Qxa3 Rc2 23. Rd2 f4 24. Rxc2 Bxc2 25. Qc3 Bg6 26. g4 Ng3 27. Nxg3 fxg3 28. Kxg3 b4 29. Qc4 Qb7 30. Bg2 Bf7 31. f4 Qa7 32. Be7 Re8 33. Bd6 Nb6 34. Qd3 Rc8 35. Be4 h6 36. f5 Nc4 37. Bc5 Nxb2 38. Bxa7 Nxd3 39. Bxd3 Rc3 40. Rd1 exf5 41. Kf4 g5+ 42. Kxf5 Bb3 43. Rd2 Rxd3 44. Rxd3 Bc2 45. Bc5 Bxd3+ 46. Kf6 b3 47. Ba3 Bc4 48. e6 Bd5 49. e7 Bc6 50. d5 Bd7 51. d6 a4 52. Bb2 Bb5 53. Ke6 Bc4+ 54. Kd7 Bb5+ 55. Kd8 Kf7 56. d7 a3 57. e8Q# 1-0

[Event "Philadelphia int op 10th"]
[Site "Philadelphia"]
[Date "2016.07.06"]
[Round "3"]
[White "Titus, Andrew L"]
[Black "Shepherd, Duncan"]
[Result "1/2-1/2"]
[WhiteElo "2173"]
[BlackElo "1687"]
[PlyCount "119"]
[EventDate "2016.07.05"]
[EventType "swiss"]
[EventRounds "9"]
[EventCountry "USA"]
[SourceTitle "CBM 173 Extra"]
[Source "ChessBase"]
[SourceDate "2016.08.29"]
[SourceVersion "1"]
[SourceVersionDate "2016.08.29"]
[SourceQuality "1"]

1. e4 c5 2. Nf3 d6 3. d4 cxd4 4. Nxd4 Nf6 5. Nc3 a6 6. h3 e5 7. Nde2 h5 8. Ng1 Qc7 9. a4 b6 10. Be3 Nbd7 11. Nd5 Nxd5 12. exd5 Nf6 13. c4 Bf5 14. Nf3 g6 15. Qd2 Ne4 16. Qc1 Nc5 17. Ra3 a5 18. Be2 Bg7 19. 0-0 0-0 20. Bh6 Qe7 21. Nh2 Kh7 22. Bd2 Rfe8 23. g4 hxg4 24. hxg4 Bd7 25. Rh3+ Kg8 26. b3 e4 27. Kg2 f6 28. Rh1 Kf7 29. Nf1 Rh8 30. Qd1 Rxh3 31. Rxh3 Rh8 32. Rxh8 Bxh8 33. Be3 Bg7 34. Bxc5 bxc5 35. Qd2 Qd8 36. Ng3 f5 37. gxf5 Bxf5 38. Qf4 Be5 39. Qh6 Bg7 40. Qd2 Be5 41. Nxf5 gxf5 42. Qh6 Qf6 43. Bh5+ Kg8 44. Bg6 f4 45. Bh7+ Kh8 46. Bg6+ Kg8 47. Qh7+ Kf8 48. Bxe4 Qg7+ 49. Qxg7+ Kxg7 50. Kf3 Bd4 51. Kxf4 Bxf2 52. Kf5 Kf7 53. Bf3 Bg1 54. Bh5+ Ke7 55. Bg4 Bd4 56. Ke4 Bg1 57. Kd3 Bf2 58. Be6 Bg1 59. Ke4 Bf2 60. Bc8 1/2-1/2

[Event "Pan American Intercollegiate-chT"]
[Site "South Padre Island"]
[Date "2014.12.27"]
[Round "1.4"]
[White "Shepherd, Duncan"]
[Black "Kovalyov, Anton"]
[Result "0-1"]
[WhiteElo "1725"]
[BlackElo "2619"]
[PlyCount "78"]
[EventDate "2014.12.27"]
[EventType "team-swiss"]
[EventRounds "6"]
[EventCountry "USA"]
[SourceTitle "CBM 164 Extra"]
[Source "ChessBase"]
[SourceDate "2015.03.02"]
[SourceVersion "1"]
[SourceVersionDate "2015.03.02"]
[SourceQuality "1"]
[WhiteTeam "UILL II"]
[BlackTeam "UTBR"]
[WhiteTeamCountry "USA"]
[BlackTeamCountry "USA"]

1. d4 Nf6 2. c4 e6 3. Nf3 b6 4. g3 c6 5. Bg2 d5 6. 0-0 Nbd7 7. Qc2 Ba6 8. b3 Rc8 9. Nbd2 c5 10. Bb2 Be7 11. Rac1 0-0 12. Rfd1 Bb7 13. Qb1 dxc4 14. Nxc4 b5 15. Nce5 Be4 16. Qa1 Nxe5 17. Nxe5 Bxg2 18. Kxg2 Qb6 19. dxc5 Bxc5 20. Nd3 Be7 21. Bd4 Qb7+ 22. Kg1 h5 23. Nf4 h4 24. f3 Rcd8 25. Kf2 Rd7 26. g4 Rfd8 27. g5 Ne4+ 28. fxe4 Qxe4 29. e3 Bxg5 30. Rg1 f6 31. Qb1 Rxd4 32. Qxe4 Rxe4 33. Kf3 Re5 34. Rc7 a5 35. e4 Kh7 36. Ra7 Kh6 37. Rxa5 Bxf4 38. Kxf4 Rd3 39. Rf1 g5+ 0-1

[Event "US Open-115"]
[Site "Orlando"]
[Date "2014.07.30"]
[Round "5"]
[White "Shepherd, Duncan"]
[Black "Dean, Jim H"]
[Result "1/2-1/2"]
[WhiteElo "1695"]
[BlackElo "2264"]
[PlyCount "66"]
[EventDate "2014.07.26"]
[EventType "swiss"]
[EventRounds "9"]
[EventCountry "USA"]
[SourceTitle "CBM 161 Extra"]
[Source "ChessBase"]
[SourceDate "2014.08.29"]
[SourceVersion "1"]
[SourceVersionDate "2014.08.29"]
[SourceQuality "1"]

1. d4 d5 2. c4 e6 3. Nc3 Be7 4. cxd5 exd5 5. Bf4 Nf6 6. e3 0-0 7. Bd3 c5 8. dxc5 Bxc5 9. Nge2 Nc6 10. 0-0 d4 11. exd4 Nxd4 12. Nxd4 Qxd4 13. Be3 Qe5 14. Bxc5 Qxc5 15. Ne4 Nxe4 16. Bxe4 Qb4 17. Qc2 g6 18. a3 Qb6 19. b4 Bd7 20. Qc5 Qxc5 21. bxc5 Bc6 22. Bxc6 bxc6 23. Rfd1 Rab8 24. Rab1 Rxb1 25. Rxb1 Rd8 26. g3 Rd5 27. Rb8+ Kg7 28. Ra8 Rxc5 29. Rxa7 h5 30. h4 Rc2 31. a4 Ra2 32. Rc7 Rxa4 33. Rxc6 Ra2 1/2-1/2

[Event "US Open-115"]
[Site "Orlando"]
[Date "2014.07.27"]
[Round "2"]
[White "Tarjan, James Edward"]
[Black "Shepherd, Duncan"]
[Result "1-0"]
[WhiteElo "2525"]
[BlackElo "1695"]
[PlyCount "97"]
[EventDate "2014.07.26"]
[EventType "swiss"]
[EventRounds "9"]
[EventCountry "USA"]
[SourceTitle "CBM 161 Extra"]
[Source "ChessBase"]
[SourceDate "2014.08.29"]
[SourceVersion "1"]
[SourceVersionDate "2014.08.29"]
[SourceQuality "1"]

1. Nf3 Nf6 2. c4 c6 3. g3 d5 4. b3 Bf5 5. Bg2 e6 6. 0-0 Bd6 7. Bb2 Nbd7 8. d3 0-0 9. Nbd2 e5 10. Nh4 Bg4 11. h3 Bh5 12. g4 Bg6 13. Nxg6 hxg6 14. e3 Nc5 15. Qc2 d4 16. exd4 exd4 17. Nf3 Ne6 18. Nxd4 Nxd4 19. Bxd4 Bh2+ 20. Kxh2 Qxd4 21. Qd2 Rad8 22. Rad1 Rfe8 23. Rfe1 Rxe1 24. Qxe1 Re8 25. Qd2 Nd7 26. Kg1 Nc5 27. Bf1 Kh7 28. Re1 Rxe1 29. Qxe1 Ne6 30. Qe3 g5 31. Qxd4 Nxd4 32. Kg2 Kg6 33. Kg3 Ne6 34. Kf3 f6 35. Ke4 Nc5+ 36. Ke3 Ne6 37. d4 Nf4 38. h4 Kf7 39. hxg5 fxg5 40. Ke4 Ke6 41. c5 Kf6 42. Bc4 b5 43. cxb6 axb6 44. a4 Nh3 45. f3 Nf2+ 46. Ke3 Nd1+ 47. Kd2 Nf2 48. Bf1 Ke6 49. Ke1 1-0

[Event "US Open-114"]
[Site "Middleton"]
[Date "2013.07.31"]
[Round "5"]
[White "Shepherd, Duncan"]
[Black "Checa, Nicolas D"]
[Result "0-1"]
[WhiteElo "1686"]
[BlackElo "2021"]
[PlyCount "88"]
[EventDate "2013.07.27"]
[EventType "swiss"]
[EventRounds "9"]
[EventCountry "USA"]
[SourceTitle "CBM 155 Extra"]
[Source "ChessBase"]
[SourceDate "2013.08.26"]
[SourceVersion "1"]
[SourceVersionDate "2013.08.26"]
[SourceQuality "1"]

1. d4 d5 2. c4 c6 3. Nf3 Nf6 4. Nc3 a6 5. c5 Nbd7 6. Bf4 Nh5 7. Bd2 g6 8. e3 Bg7 9. Be2 0-0 10. 0-0 Nhf6 11. Na4 Ne4 12. Be1 Re8 13. Nd2 Nxd2 14. Bxd2 e5 15. Bc3 Rb8 16. f3 Qe7 17. Re1 Qg5 18. Bf1 Qh4 19. Qd2 e4 20. f4 Nf6 21. Qf2 Qh6 22. Ba5 Ng4 23. Qg3 Bf6 24. Qh3 Qf8 25. Rec1 Qe7 26. Be2 h5 27. f5 Bxf5 28. Bxg4 Bxg4 29. Qg3 Bh4 30. Qd6 Qg5 31. Rc3 Bf3 32. g3 Qg4 33. Bc7 Qh3 34. Rc2 Bg5 35. Re1 Rbc8 36. Nb6 Re6 37. Qd7 Rce8 38. Nc8 Bg4 39. Nd6 R8e7 40. Qc8+ Kg7 41. Qxb7 Rf6 42. Rg2 Bf3 43. Rc2 Bxe3+ 44. Rxe3 Be2 0-1